000 00683nam a2200193 a 4500
001 000040602
005 20240307073942.0
008 130903s2013 dr 001 0 spa d
040 _aDO-SdBNP
_bspa
_cBNPHU
082 _a346.0482
_bI59r
110 2 _aInstituto Tecnológico de Santo Domingo
_978911
245 1 0 _aReglamento de propiedad intelectual :
_baprobado en Consejo Académico mediante resolución No. 02-11/2012.
260 _aSanto Domingo :
_bINTEC,
_c2013.
300 _a34 p. ;
_c22 cm.
590 _aInventariado, 2018/LP
650 4 _aUniversidades
_xReglamentos
_966939
650 4 _aDerechos de autor
_xReglamentos
_966940
910 _aValidado. Control de calidad EMS
999 _c40092
_d40092